000 00813nam a22002297a 4500
999 _c8395
_d8395
003 AR-CdUCM
008 190321b ||||| |||| 00| 0 spa d
040 _aMUNICIPALIDAD PROVINCIAL DEL CUSCO
_cBIBLIOTECA MUNICIPAL DEL CUSCO
082 _a362.292 /
_bC79
100 _aCorrea Castro, Fernando Benjamin
_911996
245 _aEl problema alcohólico /
260 _aCusco :
_bHecho en computadora,
_c2008.
300 _a88 paginas ;
_c18 cm.
500 _aAlcoholismo
505 _aContenido : Qué es el alcoholismo: causas -- algo de datos cientificos -- controvertida personalidad del alcohol -- tratamiento de la enfermedad...
650 _aAlcoholismo
_922499
650 _aAspectos sociales
_9262
650 _aPerú
_935
650 _aDatos Cientificos
_923565
942 _2ddc
_cLIBROS
945 _apjha